[Event "Challenge"]
[Site "http://www.queenalice.com/game.php?id=1253714"]
[Date "2014.2.3"]
[Round "-"]
[White "Nimzou"]
[Black "umpbotts99"]
[Result "1-0"]
[WhiteElo "1243"]
[BlackElo "1070"]

1. e3 d5 2. Nf3 Nf6 3. g3 e5 4. d3 Bb4+ 5. c3 Ba5 6. Nbd2 O-O 7. b4 Bb6 8. Bg2
a5 9. Bb2 axb4 10. O-O bxc3 11. Bxc3 Ra3 12. Bxe5 Nh5 13. e4 dxe4 14. Nc4 Ba5
15. Nxa3 Nf4 16. gxf4 exf3 17. Bxf3 Bc3 18. Bxc3 Bh3 19. Bg2 Qd7 20. Qf3 Re8 21.
Bxh3 Nc6 22. Rae1 b5 23. Rxe8+ Qxe8 24. Nxb5 Na5 25. Nxc7 Qd8 26. Be5 Nb7 27.
Kh1 Nc5 28. Qg3 g6 29. Rg1 Nxd3 30. Rd1 Nxf2+ 31. Qxf2 Qxd1+ 32. Bf1 h6 33. Kg2
Qg4+ 34. Kh1 Qd1 35. Kg2 Qg4+ 36. Qg3 Qd7 37. Qc3 Qg4+ 38. Kf2 Qh4+ 39. Ke2
Qxh2+ 40. Kd3 Qg1 41. Bh8 Qxf1+ 42. Kc2 Qf2+ 43. Kb3 Qb6+ 44. Kc2 g5 45. Qg7#
1-0

[Event "AUTO-BEG-603"]
[Site "http://www.queenalice.com/game.php?id=1256836"]
[Date "2014.2.15"]
[Round "1"]
[White "umpbotts99"]
[Black "Viterasmo"]
[Result "0-1"]
[WhiteElo "1129"]
[BlackElo "1779"]

1. d4 Nf6 2. c4 g6 3. Nc3 d6 4. e4 c6 5. Nf3 Bg7 6. Be2 Nbd7 7. O-O O-O 8. h3 e5
9. Be3 Re8 10. dxe5 Nxe5 11. Qb3 b6 12. Rfd1 Nxf3+ 13. Bxf3 Bb7 14. c5 Re6 15.
cxd6 Rxd6 16. e5 Rxd1+ 17. Rxd1 Nd5 18. Nxd5 cxd5 19. Bxd5 Bxd5 20. Rxd5 Qe7 21.
Qd3 Bxe5 22. b4 Re8 23. Qb5 Qe6 24. f4 Bc7 25. Re5 Bxe5 26. fxe5 Qxe5 27. Qa6
Qxe3+ 28. Kf1 Qe1# 0-1

[Event "AUTO-BEG-603"]
[Site "http://www.queenalice.com/game.php?id=1256837"]
[Date "2014.2.15"]
[Round "1"]
[White "Viterasmo"]
[Black "umpbotts99"]
[Result "0-1"]
[WhiteElo "1672"]
[BlackElo "1014"]

1. e4 e5 2. Bc4 Nf6 3. Nf3 Nxe4 4. Qe2 d5 5. Bb3 Nc6 6. d3 Nc5 7. Nxe5 Nd4 8.
Qe3 Ncxb3 9. O-O Nxc2 10. Qe2 Nbd4 11. Qd2 Nxa1 12. Re1 Be6 13. Qf4 Nac2 14.
Nxf7 Nxe1 15. Nxd8 Ne2+ 16. Kf1 Nxf4 17. Nxe6 Nxe6 18. Kxe1 O-O-O 0-1

[Event "AUTO-BEG-604"]
[Site "http://www.queenalice.com/game.php?id=1261235"]
[Date "2014.3.1"]
[Round "1"]
[White "umpbotts99"]
[Black "MeisterM"]
[Result "1-0"]
[WhiteElo "1014"]
[BlackElo "1304"]

1. e4 e5 2. d4 d5 3. Nc3 f6 4. Nf3 Na6 5. Nxd5 c6 6. Nc3 b5 7. Be2 Bb4 8. a3 Ba5
9. Bd2 Nh6 10. b4 Bb6 11. O-O Bxd4 12. Rc1 Bg4 13. a4 bxa4 14. Nxa4 Rb8 15. c3
Bb6 16. Bxa6 Rb7 17. Bxb7 O-O 18. Bxc6 Bd7 19. Bxd7 Qxd7 20. Re1 Ng4 21. Nxb6
axb6 22. c4 Qf7 23. c5 Rb8 24. h3 Nh6 25. cxb6 Rxb6 26. Ra1 f5 27. Nxe5 g6 28.
Nxf7 1-0

[Event "AUTO-BEG-604"]
[Site "http://www.queenalice.com/game.php?id=1261236"]
[Date "2014.3.1"]
[Round "1"]
[White "MeisterM"]
[Black "umpbotts99"]
[Result "0-1"]
[WhiteElo "1395"]
[BlackElo "1443"]

1. d4 d5 2. Nc3 e5 3. e3 Nc6 4. Nf3 Nf6 5. Bb5 a6 6. Bd3 Bb4 7. a3 Ba5 8. b4 Bb6
9. Nxe5 O-O 10. Qf3 Bg4 11. Nxg4 Re8 12. Qh3 Nxg4 13. Qxg4 h5 14. Qxh5 Rc8 15.
Nxd5 g6 16. Qh6 Bxd4 17. Rb1 Ne7 18. Bb2 Nf5 19. O-O Nxh6 20. Bxd4 c6 21. Nb6
Rc7 22. g3 Ng4 23. Be2 Qd6 24. Bxg4 Rd8 25. c3 f5 26. Bf3 g5 27. Bd5+ cxd5 28.
f4 gxf4 29. exf4 Rc6 30. c4 dxc4 31. Rbc1 c3 32. Rfd1 c2 33. Rd2 Qxd4+ 34. Rxd4
Rxd4 35. Na4 Rcd6 36. Nb2 b6 37. Rxc2 Re4 38. Nc4 Rd1+ 39. Kg2 Ree1 40. Kf2 b5
41. Nd2 Rc1 42. Rc5 Red1 43. Nb3 Rb1 44. Na5 Rd3 45. Ke2 Rxa3 0-1

[Event "AUTO-BEG-606"]
[Site "http://www.queenalice.com/game.php?id=1267867"]
[Date "2014.3.25"]
[Round "1"]
[White "INSPETOR"]
[Black "umpbotts99"]
[Result "1-0"]
[WhiteElo "1971"]
[BlackElo "1426"]

1. Nf3 Nf6 2. d4 d5 3. e3 e6 4. Be2 Bb4+ 5. Bd2 Nc6 6. Bxb4 Nxb4 7. a3 Nc6 8. c4
dxc4 9. Nbd2 O-O 10. O-O Bd7 11. Nxc4 b5 12. Nce5 Nxe5 13. Nxe5 Ne4 14. Bf3 Qg5
15. Nxd7 Rfd8 16. Bxe4 Rxd7 17. Bxa8 Rd6 18. Qc2 e5 19. dxe5 Qxe5 20. Qxc7 Re6
21. Qxa7 f5 22. Bc6 1-0

[Event "AUTO-BEG-606"]
[Site "http://www.queenalice.com/game.php?id=1267868"]
[Date "2014.3.25"]
[Round "1"]
[White "umpbotts99"]
[Black "INSPETOR"]
[Result "0-1"]
[WhiteElo "1426"]
[BlackElo "1969"]

1. d4 d5 2. e3 Nf6 3. Nf3 e6 4. Bd3 c5 5. dxc5 Bxc5 6. O-O O-O 7. e4 dxe4 8.
Bxe4 Nxe4 9. Ng5 Qxd1 10. Rxd1 Nxf2 11. Re1 Nd3+ 12. Kf1 Nxe1 13. Kxe1 Nc6 14.
Nc3 Nd4 15. Rb1 Nxc2+ 16. Kd1 Nd4 17. Nb5 Nxb5 18. a4 Rd8+ 19. Ke1 Nd4 20. Be3
Nc2+ 21. Kf1 Nxe3+ 0-1

[Event "AUTO-BEG-606"]
[Site "http://www.queenalice.com/game.php?id=1267883"]
[Date "2014.3.25"]
[Round "1"]
[White "Laucin"]
[Black "umpbotts99"]
[Result "0-1"]
[WhiteElo "1186"]
[BlackElo "1484"]

1. e3 e5 2. e4 d6 3. Bb5+ Bd7 4. Bc4 Nf6 5. Bd3 Nc6 6. a4 Bg4 7. f3 Bh5 8. h4
Be7 9. Bb5 a6 10. Bxc6+ bxc6 11. Qe2 O-O 12. d3 d5 13. exd5 cxd5 14. a5 Qd7 15.
Be3 d4 16. Bg5 Nd5 17. Bxe7 Qxe7 18. Nh3 Rfe8 19. O-O Qf6 20. Nd2 Ne3 21. Ne4
Qxh4 22. Nc5 Rac8 23. Nxa6 Nxg2 24. Kxg2 Re6 25. Rf2 Rg6+ 26. Kf1 Qxh3+ 27. Ke1
Rg1+ 28. Kd2 Rxa1 29. Rf1 Rxf1 30. Nb4 Bxf3 31. c3 Bxe2 32. Kc2 Bd1+ 33. Kb1
Bb3# 0-1

[Event "AUTO-BEG-606"]
[Site "http://www.queenalice.com/game.php?id=1267884"]
[Date "2014.3.25"]
[Round "1"]
[White "umpbotts99"]
[Black "Laucin"]
[Result "1-0"]
[WhiteElo "1480"]
[BlackElo "1186"]

1. d4 d5 2. e3 Nf6 3. Nc3 e6 4. Nf3 Nc6 5. Bb5 Bd7 6. O-O Nb4 7. a3 Nc6 8. Qe2
h5 9. Re1 Qe7 10. b4 Ng4 11. h3 Nf6 12. Bb2 Rh6 13. Rad1 h4 14. Na4 Ne4 15. Ne5
Nxe5 16. dxe5 a6 17. Bd3 Ng5 18. c4 dxc4 19. Bxc4 Ne4 20. Rd4 Ng5 21. f4 Nh7 22.
Nc5 Bc6 23. Nxb7 Bxb7 24. a4 Rg6 25. Red1 Qxb4 26. Qd2 Qc5 27. Rd8+ Ke7 28. Qd7#
1-0

[Event "AUTO-BEG-606"]
[Site "http://www.queenalice.com/game.php?id=1267895"]
[Date "2014.3.25"]
[Round "1"]
[White "umpbotts99"]
[Black "chamnikar"]
[Result "1-0"]
[WhiteElo "1426"]
[BlackElo "1186"]

1. d4 d6 2. e4 d5 3. exd5 Qxd5 4. c4 Qe6+ 5. Be2 g6 6. Nf3 Bg7 7. d5 Qd6 8. O-O
e6 9. dxe6 Qxd1 10. Rxd1 Bxe6 11. Nc3 Ne7 12. Ne5 1-0

[Event "AUTO-BEG-606"]
[Site "http://www.queenalice.com/game.php?id=1267896"]
[Date "2014.3.25"]
[Round "1"]
[White "chamnikar"]
[Black "umpbotts99"]
[Result "0-1"]
[WhiteElo "1186"]
[BlackElo "1435"]

1. e4 e5 2. Nf3 Nc6 3. Bb5 a6 4. Bxc6 dxc6 5. Nxe5 Nf6 6. Nc3 Bg4 7. Nxg4 Nxg4
8. Qxg4 Bd6 9. Qxg7 Rf8 10. Qxh7 b5 11. d3 f6 12. Bh6 Qe7 0-1